Word Ladder: Way to Go Quiz Stats

 Plays Quiz Updated May 9, 2019

Score 0/32 Timer 04:00
0 Plays Today
Clue 4-Letter Word % Correct
Make music with your voiceSING
98.6%
Bird's limb☆ WING ☆
98.1%
Not domesticated or cultivated☆ WILD ☆
95.5%
Chinook or tornado, e.g.☆ WIND ☆
95.4%
Trigonometric functionSINE
94.5%
Single unit of languageWORD
92.5%
Tree trunk materialWOOD
92.4%
Division of a hospital☆ WARD ☆
92.4%
Better than averageGOOD
91%
Subsidiary dish☆ SIDE ☆
89.2%
Of great girthWIDE
89.1%
Musical groupBAND
89%
Curve in a riverBEND
88.9%
Send a telegramWIRE
85.9%
Articles for saleWARE
85.8%
The Beatles' '_ ___ in the life'A DAY
85.1%
Clue 4-Letter Word % Correct
Home's antonymAWAY
84.1%
Slowly swingSWAY
83.2%
Provoke or annoyGOAD
82.4%
Became submergedSANK
81.8%
Somewhere that holds your interest☆ BANK ☆
79.6%
Lead singer with the ants☆ ADAM ☆
79.2%
Past tense of fourth rungSANG
78.5%
Feeling pleasure or happinessGLAD
77.5%
David Bowie's style of rockGLAM
75%
Burgled goods, informallySWAG
73.6%
Dutch semi-hard cheeseEDAM
72.8%
Corrupt, informallyBENT
69.1%
Departed; leftWENT
68.2%
Indian word for spinachSAAG
66.5%
Shem's son in the bibleELAM
62.6%
☆ COMMON BOND ☆☆ WEST ☆
38.7%

Today's Daily Dose

Missing Word
Celine Dion

Word Ladder
Dr. Seuss Books

Quick Pick
Cities in India

Get the Picture
'A' Actresses

You're not logged in!

Compare scores with friends on all Sporcle quizzes.
OR
Log In

Sporcle TV

Today on Sporcle TV


Watch our educational content, quiz creation guides, and fun videos on Sporcle TV.

Show Comments

Extras

Top Quizzes Today


Score Distribution

Your Account Isn't Verified!

In order to create a playlist on Sporcle, you need to verify the email address you used during registration. Go to your Sporcle Settings to finish the process.

Report this User

Report this user for behavior that violates our Community Guidelines.

Details: